000 00252nam a22000977a 4500
999 _c11210
_d11210
008 181009b ||||| |||| 00| 0 eng d
020 _a9788171677559
100 _aTAGORE, RABONDRANATH
_96964
245 _aGORA
260 _aNEW DELHI
_bRUPA PUBLICATION
_c2002